Цифры и числа на французском - Statistics

General Stats
  • This quiz has been taken 7 times
  • The average score is 14 of 60
Answer Stats
Hint Answer % Correct
2 Deux
83%
1 Un
83%
0 zéro
83%
3 Trois
67%
5 Cinq
50%
10 Dix
50%
19 Dix-neuf
50%
17 Dix-sept
50%
9 Neuf
50%
4 Quatre
50%
7 Sept
50%
6 Six
50%
18 Dix-huit
33%
12 Douze
33%
8 Huit
33%
11 Onze
33%
14 Quatorze
33%
15 Quinze
33%
16 Seize
33%
13 Treize
33%
20 Vingt
33%
100 Cent
17%
500 Cinq-cents
17%
200 Deux-cents
17%
202 Deux-cents-deux
17%
201 Deux-cents-un
17%
1000 mille
17%
900 Neuf-cents
17%
400 Quatre-cents
17%
700 Sept-cents
17%
600 Six-cents
17%
60 Soixante
17%
70 Soixante-dix
17%
30 Trente
17%
32 Trente-deux
17%
31 Trente-et-un
17%
300 Trois-cents
17%
25 Vingt-cinq
17%
22 Vingt-deux
17%
21 Vingt et un
17%
28 Vingt-huit
17%
29 Vingt-neuf
17%
24 Vingt-quatre
17%
27 Vingt-sept
17%
26 Vingt-six
17%
23 Vingt-trois
17%
102 Cent deux
0%
103 Cent trois
0%
101 Cent un
0%
50 Cinquante
0%
800 Huit-cents
0%
40 Quarante
0%
82 Quatre-vingt-deux
0%
90 Quatre-vingt-dix
0%
92 Quatre-vingt-douze
0%
91 Quatre-vingt-onze
0%
80 Quatre-vingts
0%
81 Quatre-vingt-un
0%
72 Soixante-douze
0%
71 Soixante-et-onze
0%
No matching quizzes found
Score Distribution
Percent of People with Each Score
Percentile by Number Answered
Your Score History
You have not taken this quiz